[Event "40. Turnaj sachovych nadeji - Pobeskydi Open"]
[Site "ND Frydek-Mistek, Czech Republic"]
[Date "2019.04.18"]
[Round "2"]
[White "Bensadi, Lotfi"]
[Black "Matras, Ondrej"]
[Result "0-1"]
[WhiteElo "2036"]
[BlackElo "2221"]
[PlyCount "0"]
[EventDate "2019.04.18"]

1. e4 e6 2. d4 d5 3. exd5 exd5 4. Nf3 Bd6 5. Bd3 Ne7 6. O-O Bf5 7. Re1 O-O 8.
c3 c6 9. Bg5 f6 10. Bh4 Bxd3 11. Qxd3 Re8 12. Bg3 Bxg3 13. hxg3 Nd7 14. Nbd2
Nf8 15. Nf1 Qd7 16. Ne3 Ne6 17. Nf5 Nc7 18. Nxe7+ Rxe7 19. Rxe7 Qxe7 20. Re1
Qd7 21. Re3 Re8 22. Qe2 Rxe3 23. Qxe3 Ne8 24. Qf4 Nd6 25. g4 h6 26. Nh4 a6 27.
Nf5 Nxf5 28. Qxf5 Qe8 29. Kf1 Kf8 30. Qd3 Kf7 31. a3 Qe6 32. Qe2 Qxe2+ 33. Kxe2
Kg6 34. Kf3 f5 35. Kf4 fxg4 36. Kxg4 Kf6 37. Kh5 Kf5 38. f3 Kf4 39. Kg6 Kg3 40.
Kxg7 h5 41. Kg6 h4 42. Kg7 Kxg2 43. f4 h3 44. f5 h2 45. f6 h1=Q 46. f7 Qc1 47.
f8=Q Qxb2 48. Qc5 Kf3 49. Kf6 Ke4 50. Ke6 Kd3 51. Ke5 Qxc3 52. Qb6 Ke3 53. Qxb7
Qxd4+ 54. Kd6 Qf6+ 55. Kc5 Qc3+ 56. Kd6 Qxa3+ 57. Kxc6 d4 58. Qg7 Qa4+ 59. Kd6
Qb4+ 60. Kc6 Qb5+ 61. Kd6 d3 62. Qh6+ Ke2 63. Qe6+ Kd1 64. Qg4+ Kc2 65. Qe4 a5
66. Kc7 Qb4 67. Qf5 a4 68. Qg6 a3 69. Qg2+ d2 70. Qg6+ Kb2 0-1

[Event "40. Turnaj sachovych nadeji - Pobeskydi Open"]
[Site "ND Frydek-Mistek, Czech Republic"]
[Date "2019.04.18"]
[Round "2"]
[White "Kratochvil, Vit"]
[Black "Stalmach, Richard"]
[Result "1-0"]
[WhiteElo "2228"]
[BlackElo "1991"]
[PlyCount "0"]
[EventDate "2019.04.18"]

1. e4 d6 2. d4 Nf6 3. Nc3 g6 4. Bg5 Bg7 5. f4 O-O 6. Nf3 a6 7. e5 Nfd7 8. Bc4
b5 9. Bb3 Kh8 10. h4 Qe8 11. h5 Nb6 12. hxg6 fxg6 13. Qe2 c5 14. dxc5 dxc5 15.
Nd5 Nxd5 16. Bxd5 Nc6 17. O-O-O Bg4 18. Rh4 Bxf3 19. Qxf3 Nxe5 20. Rxh7+ 1-0

[Event "40. Turnaj sachovych nadeji - Pobeskydi Open"]
[Site "ND Frydek-Mistek, Czech Republic"]
[Date "2019.04.18"]
[Round "2"]
[White "Laurincova, Kristyna"]
[Black "Shilov, Sergej"]
[Result "1-0"]
[WhiteElo "2014"]
[BlackElo "2158"]
[PlyCount "0"]
[EventDate "2019.04.18"]

1. e4 c5 2. Nf3 Nc6 3. d4 cxd4 4. Nxd4 Nf6 5. Nc3 e5 6. Ndb5 d6 7. Bg5 a6 8.
Na3 b5 9. Nd5 Be7 10. Bxf6 Bxf6 11. c3 O-O 12. Nc2 Bg5 13. a4 bxa4 14. Rxa4 Kh8
15. Nce3 g6 16. Qa1 a5 17. Be2 f5 18. O-O Bb7 19. Nc4 fxe4 20. Rd1 Nd4 21. cxd4
Bxd5 22. dxe5 Bxc4 23. Bxc4 Qb6 24. exd6 Rxf2 25. Kh1 Bf6 26. Qb1 e3 27. Qe4
Rd8 28. b3 Rd2 29. Re1 R2xd6 30. Qf3 Bc3 31. Rb1 Qd4 32. Be2 Rf6 33. Rxd4 Bxd4
34. Qe4 Rf2 35. Bf3 Rd2 36. h3 1-0

[Event "40. Turnaj sachovych nadeji - Pobeskydi Open"]
[Site "ND Frydek-Mistek, Czech Republic"]
[Date "2019.04.18"]
[Round "2"]
[White "Pilch, Roman"]
[Black "Kolasin, Jan"]
[Result "1-0"]
[WhiteElo "2148"]
[BlackElo "2036"]
[PlyCount "0"]
[EventDate "2019.04.18"]

1. Nf3 Nf6 2. c4 g6 3. Nc3 Bg7 4. d4 O-O 5. Bf4 d6 6. h3 Nbd7 7. e3 c5 8. d5
Qa5 9. Nd2 Nh5 10. Bg5 Bxc3 11. bxc3 Re8 12. g4 Nhf6 13. Qc2 a6 14. a4 Rb8 15.
e4 e6 16. dxe6 Rxe6 17. Bd3 Ne5 18. O-O Bd7 19. f4 Nxd3 20. Qxd3 Kg7 21. f5
gxf5 22. gxf5 Ree8 23. Bxf6+ Kxf6 24. Qxd6+ Kg7 25. f6+ Kh8 26. Qxd7 Rbd8 27.
Qxf7 Rg8+ 28. Kh1 Qxc3 29. Nf3 Rg3 30. Qh5 1-0

[Event "40. Turnaj sachovych nadeji - Pobeskydi Open"]
[Site "ND Frydek-Mistek, Czech Republic"]
[Date "2019.04.18"]
[Round "2"]
[White "Mrazik, Tomas"]
[Black "Mica, Marek"]
[Result "0-1"]
[WhiteElo "1991"]
[BlackElo "2139"]
[PlyCount "0"]
[EventDate "2019.04.18"]

1. e4 c6 2. d4 d5 3. exd5 cxd5 4. Bd3 Nc6 5. c3 Qc7 6. Nf3 Bg4 7. Nbd2 e6 8.
Nf1 Bh5 9. Ng3 Bg6 10. O-O Bd6 11. c4 Bxd3 12. Qxd3 Nf6 13. c5 Be7 14. Rb1 a5
15. a3 a4 16. Bd2 b6 17. cxb6 Qxb6 18. b4 axb3 19. Rxb3 Qa6 20. Qb1 O-O 21. Rb6
Qa4 22. Rc1 Nxd4 23. Ne5 Bxa3 24. Rc3 Ne4 25. Nxe4 Ne2+ 26. Kf1 Nxc3 27. Nxc3
Qd4 28. Nf3 Qc4+ 29. Kg1 Bc5 30. Rb5 Ra3 31. Ne5 Bxf2+ 32. Kh1 Qc7 33. Nd3 Bd4
34. Na2 Qc4 35. Nac1 Ra1 36. Qb3 Qxb3 37. Rxb3 h6 38. h3 Rc8 39. Kh2 Rc2 40.
Rb8+ Kh7 41. Nb3 Rxd2 42. Nxd2 Rd1 43. Nf4 Be5 0-1

[Event "40. Turnaj sachovych nadeji - Pobeskydi Open"]
[Site "ND Frydek-Mistek, Czech Republic"]
[Date "2019.04.18"]
[Round "2"]
[White "Vojta, Jakub"]
[Black "Gnojek, Petr"]
[Result "1/2-1/2"]
[WhiteElo "2094"]
[BlackElo "2016"]
[PlyCount "0"]
[EventDate "2019.04.18"]

1. e4 c5 2. Nf3 d6 3. d4 cxd4 4. Nxd4 Nf6 5. f3 e6 6. c4 Nc6 7. Be3 d5 8. cxd5
exd5 9. Bb5 Bd7 10. Nc3 dxe4 11. O-O Bb4 12. Nxc6 bxc6 13. Bc4 O-O 14. Kh1 Qe7
15. Bg5 Bxc3 16. bxc3 Rad8 17. Qe2 Qe5 18. Qe3 Be6 19. Bxe6 Rd3 20. Bxf6 gxf6
21. Qh6 fxe6 22. fxe4 Qg5 23. Qxg5+ fxg5 24. h4 g4 25. Kh2 g3+ 26. Kh3 Rf2 27.
a4 a5 28. Rab1 Rxc3 29. Rfc1 Rxc1 30. Rxc1 Re2 31. Rxc6 Rxe4 32. Ra6 Rxa4 33.
Rxe6 Kf7 34. Rh6 Kg7 35. Ra6 Ra3 36. Kg4 a4 37. Kg5 Ra2 38. Kg4 Rxg2 39. Rxa4
Rg1 40. Ra3 g2 41. Kg3 1/2-1/2

[Event "40. Turnaj sachovych nadeji - Pobeskydi Open"]
[Site "ND Frydek-Mistek, Czech Republic"]
[Date "2019.04.18"]
[Round "2"]
[White "Babula, Vlastimil"]
[Black "Vantuch, Lucian"]
[Result "0-1"]
[WhiteElo "2074"]
[BlackElo "1964"]
[PlyCount "0"]
[EventDate "2019.04.18"]

1. e4 c5 2. Nf3 e6 3. d4 cxd4 4. Nxd4 a6 5. Bd3 Bc5 6. Nb3 Ba7 7. O-O d6 8. Qg4
Nf6 9. Qxg7 Rg8 10. Qh6 Rg6 11. Qd2 e5 12. g3 Bh3 13. Nc3 Bxf1 14. Kxf1 Ng4 15.
f3 Rf6 16. Be2 Qb6 17. Ke1 Qf2+ 18. Kd1 Ne3+ 19. Qxe3 Bxe3 20. Bxe3 Qxe3 21.
Nd5 Qh6 22. Nc7+ Kf8 23. Nxa8 Qxh2 24. Kd2 Qf2 25. Rh1 h6 26. g4 Rxf3 27. g5
Qe3+ 28. Kd1 Rf2 29. Nc1 Rg2 30. gxh6 Rg1+ 31. Rxg1 Qxg1+ 32. Kd2 Nd7 33. h7
Qh2 0-1

[Event "40. Turnaj sachovych nadeji - Pobeskydi Open"]
[Site "ND Frydek-Mistek, Czech Republic"]
[Date "2019.04.18"]
[Round "2"]
[White "Miculka, Petr"]
[Black "Kostecka, Marika"]
[Result "1/2-1/2"]
[WhiteElo "2041"]
[BlackElo "1782"]
[PlyCount "0"]
[EventDate "2019.04.18"]

1. e4 c5 2. Nf3 d6 3. c3 Nf6 4. h3 g6 5. Bd3 Bg7 6. O-O O-O 7. Bc2 e5 8. d4 Nc6
9. d5 Ne7 10. Re1 Ne8 11. Nbd2 f5 12. Ng5 Nc7 13. Bb3 h6 14. Ne6 Nxe6 15. dxe6
b5 16. Bd5 Rb8 17. a4 a6 18. axb5 axb5 19. c4 Kh7 20. cxb5 Rxb5 21. Nc4 fxe4
22. Ra7 Nxd5 23. Qxd5 Qf6 24. e7 Qxf2+ 25. Kh2 Rf3 26. Re3 Bxh3 27. Qd2 Qh4 28.
Rxf3 Bxg2+ 29. Kxg2 exf3+ 30. Kxf3 e4+ 31. Ke2 Qg4+ 32. Kf1 Qf3+ 33. Qf2 Qd1+
34. Qe1 Qf3+ 35. Kg1 Qg4+ 36. Kh2 Qh5+ 37. Kg3 Qf3+ 38. Kh2 Qh5+ 39. Kg1 Qg4+
40. Kf1 Qh3+ 41. Kg1 Qg4+ 1/2-1/2

[Event "40. Turnaj sachovych nadeji - Pobeskydi Open"]
[Site "ND Frydek-Mistek, Czech Republic"]
[Date "2019.04.18"]
[Round "2"]
[White "Michel, Ladislav"]
[Black "Barak, David"]
[Result "0-1"]
[WhiteElo "1766"]
[BlackElo "1979"]
[PlyCount "0"]
[EventDate "2019.04.18"]

1. d4 Nf6 2. Bf4 c5 3. e3 e6 4. c3 d5 5. Nd2 Bd6 6. Bg3 Qc7 7. Ngf3 Nbd7 8. Bd3
O-O 9. Bxd6 Qxd6 10. O-O b6 11. e4 dxe4 12. Nxe4 Nxe4 13. Bxe4 Rb8 14. dxc5
Qxc5 15. Qd4 Nf6 16. Bc2 Ba6 17. Qxc5 bxc5 18. Rfb1 Rfd8 19. b3 Be2 20. Bd1
Bxf3 21. Bxf3 Rd3 22. c4 g5 23. Rd1 Rbd8 24. Rxd3 Rxd3 25. Rd1 Rxd1+ 26. Bxd1
Ne4 27. Bc2 Nc3 28. a3 Ne2+ 29. Kf1 Nd4 30. Bd1 a5 31. Ke1 f5 32. Kd2 g4 33.
Kc3 Nc6 34. f3 h5 35. fxg4 hxg4 36. h3 gxh3 37. gxh3 e5 38. Kd3 Kf7 39. Bh5+
Kf6 40. Be8 Nd4 41. Kc3 f4 42. b4 axb4+ 43. axb4 cxb4+ 0-1

[Event "40. Turnaj sachovych nadeji - Pobeskydi Open"]
[Site "ND Frydek-Mistek, Czech Republic"]
[Date "2019.04.18"]
[Round "2"]
[White "Svizensky, Lubos"]
[Black "Karwacki, Piotr"]
[Result "0-1"]
[WhiteElo "1972"]
[BlackElo "1771"]
[PlyCount "0"]
[EventDate "2019.04.18"]

1. d4 Nf6 2. Nf3 g6 3. c4 Bg7 4. d5 d6 5. Nc3 e5 6. e4 O-O 7. h3 a5 8. Be3 Na6
9. Bd3 Nh5 10. O-O Nf4 11. Re1 Nxd3 12. Qxd3 f5 13. Qc2 f4 14. Bd2 g5 15. Nh2
h5 16. f3 Nb4 17. Qb1 g4 18. hxg4 hxg4 19. fxg4 Qh4 20. a3 Na6 21. Qd1 Rf6 22.
Rf1 Rh6 23. Nf3 Qxg4 24. Rf2 Nc5 25. Be1 Qg6 26. Qc2 a4 27. Rd1 Bg4 28. Kf1 Nb3
29. Nb5 Rh1+ 30. Ke2 c6 31. dxc6 bxc6 32. Rxd6 Nd4+ 33. Nbxd4 Qxd6 34. Nf5 Bxf5
35. exf5 e4 36. Qxe4 Rb8 37. Nd2 Kf8 38. Qxf4 Re8+ 39. Ne4 Qd4 40. Bb4+ c5 41.
Bxc5+ Qxc5 42. Kf3 Qxc4 43. Qd6+ Kg8 44. Nf6+ Bxf6 45. Qxf6 Qd3+ 46. Kg4 Re4+
47. Rf4 Qe2+ 48. Kg3 Re3+ 49. Rf3 Rxf3+ 50. gxf3 Rg1+ 51. Kf4 Qd2+ 52. Ke4 Re1#
0-1

[Event "40. Turnaj sachovych nadeji - Pobeskydi Open"]
[Site "ND Frydek-Mistek, Czech Republic"]
[Date "2019.04.19"]
[Round "3"]
[White "Walek, Petr"]
[Black "Petran, Peter"]
[Result "1-0"]
[WhiteElo "2241"]
[BlackElo "2242"]
[PlyCount "0"]
[EventDate "2019.04.18"]

1. e4 g6 2. d4 Bg7 3. Nc3 c6 4. f4 d5 5. e5 Nh6 6. Be3 O-O 7. Qd2 f6 8. h3 Nd7
9. e6 Nb6 10. g4 Bxe6 11. f5 Nxf5 12. gxf5 Bxf5 13. O-O-O Qd7 14. Nf3 Rae8 15.
Nh4 e5 16. Nxf5 Qxf5 17. h4 Qe6 18. h5 Rf7 19. hxg6 hxg6 20. Qh2 f5 21. Qh7+
Kf8 22. dxe5 Nd7 23. Rg1 Bxe5 24. Bh6+ Ke7 25. Qxg6 Nf6 26. Bh3 Bxc3 27. bxc3
Ne4 28. Qxe6+ Kxe6 29. Rg6+ Rf6 30. Rdg1 Rh8 31. Rxf6+ Nxf6 32. Rg6 Ke5 33. Bg7
Rxh3 34. Bxf6+ Ke4 35. Bd4 Rh1+ 36. Kb2 f4 37. Bxa7 Rh7 38. Rf6 f3 39. Bd4 Rc7
40. Bb6 Rc8 41. a4 c5 42. Kc1 Ke3 43. Re6+ Kf4 44. Rf6+ Kg3 45. Rg6+ Kf4 46.
Kd2 Ke4 47. Rg4+ Kf5 48. Rg7 Rc6 49. a5 Ke4 50. Rxb7 d4 51. Re7+ Kd5 52. cxd4
cxd4 53. Rd7+ Kc4 54. Bxd4 1-0

[Event "40. Turnaj sachovych nadeji - Pobeskydi Open"]
[Site "ND Frydek-Mistek, Czech Republic"]
[Date "2019.04.19"]
[Round "3"]
[White "Matras, Ondrej"]
[Black "Burdalev, Kirill"]
[Result "0-1"]
[WhiteElo "2221"]
[BlackElo "2389"]
[PlyCount "0"]
[EventDate "2019.04.18"]

1. d4 d5 2. c4 c6 3. Nf3 Nf6 4. Nc3 dxc4 5. a4 Bf5 6. Ne5 Na6 7. f3 Nd7 8. Nxc4
e5 9. e4 exd4 10. Qxd4 Nb4 11. Qd1 Be6 12. Bf4 Nc5 13. Bd6 Bxc4 14. Bxc5 Qxd1+
15. Rxd1 Bxc5 16. Bxc4 Nc2+ 17. Ke2 Ne3 18. Bb3 Nxd1 19. Rxd1 Ke7 20. Bc4 Rad8
21. b3 Rxd1 22. Nxd1 Bg1 23. h3 Rd8 24. Bd3 Bh2 25. Ne3 g6 26. Nc4 Bf4 27. Na5
Rd7 28. Nc4 b6 29. Na3 Kf6 30. Nc4 Kg5 31. Ne3 Bxe3 32. Kxe3 Kh4 33. e5 Kg3 34.
Be4 Kxg2 35. Bxc6 Rc7 36. Bd5 Kxh3 37. Kf4 Kh4 38. b4 a5 39. b5 Kh5 40. Bc6 Rc8
41. Bd5 Rf8 42. Bb3 Kh6 43. Kg4 Kg7 44. f4 Rd8 45. Bc2 Rd4 46. Bb3 h5+ 47. Kg5
Rd3 48. f5 Rxb3 0-1

[Event "40. Turnaj sachovych nadeji - Pobeskydi Open"]
[Site "ND Frydek-Mistek, Czech Republic"]
[Date "2019.04.19"]
[Round "3"]
[White "Havelka, Ondrej"]
[Black "Horak, Jan"]
[Result "1/2-1/2"]
[WhiteElo "2156"]
[BlackElo "2158"]
[PlyCount "0"]
[EventDate "2019.04.18"]

1. d4 d5 2. c4 e6 3. Nc3 a6 4. cxd5 exd5 5. Nf3 c6 6. Qc2 Bd6 7. Bg5 f6 8. Bh4
Ne7 9. e3 Bf5 10. Qb3 Nd7 11. Bg3 Bxg3 12. hxg3 Qb6 13. Qa3 a5 14. Nh4 Bg4 15.
Bd3 Qb4 16. Qb3 Kf7 17. Qc2 g6 18. O-O Kg7 19. Rab1 Qd6 20. a3 f5 21. Na4 Rhc8
22. Kh2 Bh5 23. Rfc1 b5 24. Nc5 Nb6 25. a4 b4 26. Re1 Qf6 27. Rbc1 Ra7 28. b3
Rf8 29. Nf3 Bxf3 30. gxf3 Kg8 31. Kg2 Rf7 32. Rh1 Qd6 33. Rh4 Nd7 34. e4 Nxc5
35. Qxc5 Qxc5 36. Rxc5 fxe4 37. fxe4 Kg7 38. e5 Rf8 39. f4 Rc8 40. Rh1 Rf8 41.
Kf3 h6 42. g4 Rf7 43. Kg3 Ra8 44. Rf1 h5 45. f5 gxf5 46. gxf5 Kh6 47. f6 Rg8+
48. Kh3 Rg4 49. fxe7 Rxe7 50. Rxc6+ Kg7 1/2-1/2

[Event "40. Turnaj sachovych nadeji - Pobeskydi Open"]
[Site "ND Frydek-Mistek, Czech Republic"]
[Date "2019.04.19"]
[Round "3"]
[White "Bakalarz, Mietek"]
[Black "Seddaoui, Yamine"]
[Result "1-0"]
[WhiteElo "2268"]
[BlackElo "2158"]
[PlyCount "0"]
[EventDate "2019.04.18"]

1. e4 d6 2. d4 Nf6 3. Nc3 Nbd7 4. g3 e5 5. Nge2 c6 6. a4 Be7 7. Bg2 O-O 8. O-O
Re8 9. h3 Bf8 10. a5 Qc7 11. g4 g6 12. Be3 Bg7 13. f4 exd4 14. Bxd4 h6 15. Ng3
Nf8 16. Qd2 Ne6 17. Be3 Nf8 18. Qf2 a6 19. Bb6 Qe7 20. Rad1 Be6 21. Qd2 d5 22.
f5 gxf5 23. exd5 Nxd5 24. gxf5 Nxb6 25. fxe6 Nc4 26. exf7+ Qxf7 27. Rxf7 Nxd2
28. Rxb7 Nc4 29. Bxc6 Nxa5 30. Bd5+ Kh8 31. Rxg7 Kxg7 32. Ra1 Rab8 33. Rxa5 Rb6
34. Nf5+ Kh8 35. Bc4 Rf6 36. Bd3 Nd7 37. Ne4 Rb6 38. Nfd6 Re6 39. b3 Nb8 40.
Rf5 Nd7 41. Rd5 Nf6 42. Nxf6 Rxf6 43. Nf5 Rb8 1-0

[Event "40. Turnaj sachovych nadeji - Pobeskydi Open"]
[Site "ND Frydek-Mistek, Czech Republic"]
[Date "2019.04.19"]
[Round "3"]
[White "Adamczewski, Maciej"]
[Black "Kratochvil, Vit"]
[Result "1/2-1/2"]
[WhiteElo "2086"]
[BlackElo "2228"]
[PlyCount "0"]
[EventDate "2019.04.18"]

1. d4 Nf6 2. c4 e6 3. Nc3 d5 4. Nf3 c6 5. g3 Be7 6. Bg2 O-O 7. O-O Nbd7 8. Nd2
a6 9. a4 Qa5 10. Nb3 Qd8 11. Nd2 Re8 12. e4 dxe4 13. Ndxe4 Nxe4 14. Bxe4 Nf6
15. Bg2 Qa5 16. Re1 Bd7 17. Bd2 Qb6 18. c5 Qd8 19. Qb3 Nd5 20. Ne4 Qc7 21. Rad1
f5 22. Nc3 Bf6 23. Bxd5 exd5 24. Bf4 Qc8 25. Be5 Bxe5 26. Rxe5 Rxe5 27. dxe5
Be8 28. Rd4 a5 29. Ne2 Qc7 30. e6 Qe5 31. Qe3 Qxe3 32. fxe3 Bh5 33. Nf4 Bf3 34.
Kf2 Be4 35. h4 g6 36. Ke2 Kf8 37. b4 axb4 38. Rxb4 Ra7 39. a5 Ke7 40. a6 bxa6
41. Rb8 a5 42. Rh8 Kf6 43. Rf8+ Kg7 44. Rd8 Kf6 45. Rf8+ Kg7 46. Rd8 Kf6 47.
Rf8+ Ke5 1/2-1/2

[Event "40. Turnaj sachovych nadeji - Pobeskydi Open"]
[Site "ND Frydek-Mistek, Czech Republic"]
[Date "2019.04.19"]
[Round "3"]
[White "Sowa, Wiktoria"]
[Black "Pilch, Roman"]
[Result "1-0"]
[WhiteElo "2066"]
[BlackElo "2148"]
[PlyCount "0"]
[EventDate "2019.04.18"]

1. e4 c5 2. Nf3 Nc6 3. Bb5 Qc7 4. O-O e6 5. d4 cxd4 6. Nxd4 Nf6 7. Nc3 d6 8.
Re1 Bd7 9. Bg5 Be7 10. Qd2 O-O 11. Rad1 Rfd8 12. Nxc6 Bxc6 13. Bd3 a6 14. Bf4
Qa5 15. e5 dxe5 16. Bxe5 Qb4 17. h3 Nd7 18. Bd4 Bc5 19. Be4 Nf6 20. Bxc5 Rxd2
21. Bxb4 Rxd1 22. Bxh7+ Kxh7 23. Rxd1 Nd5 24. Rd4 a5 25. Rh4+ Kg8 26. Nxd5 Bxd5
27. Bc3 f6 28. a3 b5 29. Rd4 Rc8 30. Rd2 Be4 31. Re2 Bxc2 32. Rxc2 b4 33. axb4
axb4 34. Kf1 Kf7 35. Ke2 bxc3 36. bxc3 Ke7 37. Kd3 Kd6 38. Kd4 e5+ 39. Ke4 Ke6
40. c4 f5+ 41. Ke3 g5 42. Rc3 Rd8 43. c5 Rc8 44. c6 Kd6 45. g4 fxg4 46. hxg4
Kc7 47. Ke4 Rf8 48. Rf3 Rh8 49. Kxe5 Kxc6 50. Rf6+ Kd7 51. Kf5 1-0

[Event "40. Turnaj sachovych nadeji - Pobeskydi Open"]
[Site "ND Frydek-Mistek, Czech Republic"]
[Date "2019.04.19"]
[Round "3"]
[White "Mica, Marek"]
[Black "Laurincova, Kristyna"]
[Result "0-1"]
[WhiteElo "2139"]
[BlackElo "2014"]
[PlyCount "0"]
[EventDate "2019.04.18"]

1. d4 g6 2. c4 Bg7 3. Nf3 d6 4. Nc3 c5 5. d5 Bxc3+ 6. bxc3 f5 7. Nd2 Qa5 8. Qb3
Nf6 9. g3 Nbd7 10. Bg2 Nb6 11. O-O Bd7 12. Qc2 Ng4 13. e4 O-O-O 14. Re1 h5 15.
f4 h4 16. h3 Nf6 17. e5 Nh5 18. g4 fxg4 19. Nb3 Qa6 20. e6 Ba4 21. hxg4 Ng3 22.
Be3 Qxc4 23. Qf2 h3 24. Qxg3 hxg2 25. Qxg2 Qxd5 26. Rab1 Rh4 27. Bf2 Bc6 28.
Qxd5 Rxg4+ 29. Kf1 Bxd5 30. Be3 Rh8 31. Ke2 Rh2+ 32. Kd1 Nc4 33. Nd2 Nxe3+ 34.
Rxe3 Rxf4 35. Rg3 Rff2 36. Rb2 Rf6 37. c4 Bxe6 38. Rgb3 b6 39. a4 Bg4+ 40. Kc2
Rff2 41. a5 Rxd2+ 42. Kb1 Rxb2+ 43. Rxb2 Rxb2+ 44. Kxb2 bxa5 45. Ka3 Be2 46.
Ka4 Bxc4 47. Kxa5 g5 48. Ka4 g4 49. Ka3 g3 50. Kb2 g2 51. Kc2 g1=Q 52. Kd2 Qf2+
53. Kc3 Qd4+ 54. Kc2 Qd3+ 55. Kc1 Bb3 56. Kb2 Qc2+ 57. Ka1 Qa2# 0-1

[Event "40. Turnaj sachovych nadeji - Pobeskydi Open"]
[Site "ND Frydek-Mistek, Czech Republic"]
[Date "2019.04.19"]
[Round "3"]
[White "Stalmach, Richard"]
[Black "Bensadi, Lotfi"]
[Result "1-0"]
[WhiteElo "1991"]
[BlackElo "2036"]
[PlyCount "0"]
[EventDate "2019.04.18"]

1. d4 d5 2. Nf3 Nf6 3. c4 e6 4. e3 a6 5. b3 Nbd7 6. Bd3 Be7 7. O-O O-O 8. Bb2
b6 9. Nbd2 Bb7 10. Ne5 Nxe5 11. dxe5 Ne4 12. cxd5 Nxd2 13. Qxd2 Qxd5 14. f3 c5
15. Rad1 g6 16. Qc2 Qc6 17. Rd2 Rfd8 18. Rfd1 Rd7 19. Bxg6 Rxd2 20. Bxh7+ Kg7
21. Rxd2 Bg5 22. f4 Rd8 23. Bd3 Bh4 24. f5 Rg8 25. f6+ Kh8 26. e4 b5 27. Qd1
Rg5 28. Bc2 c4 29. Rd8+ Kh7 30. Qd7 Qxd7 31. Rxd7 Bc6 32. Rxf7+ Kg8 33. Rc7 1-0

[Event "40. Turnaj sachovych nadeji - Pobeskydi Open"]
[Site "ND Frydek-Mistek, Czech Republic"]
[Date "2019.04.19"]
[Round "3"]
[White "Vantuch, Lucian"]
[Black "Vojta, Jakub"]
[Result "0-1"]
[WhiteElo "1964"]
[BlackElo "2094"]
[PlyCount "0"]
[EventDate "2019.04.18"]

1. e4 c5 2. Nf3 d6 3. d4 cxd4 4. Nxd4 Nf6 5. Nc3 a6 6. Be3 e6 7. f3 b5 8. g4
Bb7 9. Qd2 Nfd7 10. Qf2 Ne5 11. Rg1 Qc7 12. O-O-O Nbd7 13. f4 Nc4 14. Bxc4 Qxc4
15. f5 e5 16. Nb3 b4 17. Nd5 Bxd5 18. exd5 Nf6 19. Qg2 a5 20. g5 Ne4 21. Rd4
exd4 22. Qxe4+ Kd7 23. Bxd4 Re8 24. Qg4 f6 25. gxf6 gxf6 26. Kb1 Bh6 27. Qh5
Bg5 28. Nxa5 Qxd5 29. h4 Qxa5 30. hxg5 Qxf5 31. Bxf6 Rhf8 32. Qh1 Re4 33. Rf1
Rfe8 34. Rd1 Kc7 35. b3 Re2 36. Rc1 Rc8 37. Qh5 Rd2 38. Qf7+ Kb8 39. Qe7 Rcxc2
40. Bd4 Rxc1+ 0-1

[Event "40. Turnaj sachovych nadeji - Pobeskydi Open"]
[Site "ND Frydek-Mistek, Czech Republic"]
[Date "2019.04.19"]
[Round "3"]
[White "Karwacki, Piotr"]
[Black "Miculka, Petr"]
[Result "0-1"]
[WhiteElo "1771"]
[BlackElo "2041"]
[PlyCount "0"]
[EventDate "2019.04.18"]

1. d4 Nf6 2. Bf4 d6 3. Nc3 Bf5 4. f3 Nbd7 5. e4 Bg6 6. Qd2 e5 7. Be3 c6 8. g4
b5 9. d5 cxd5 10. Nxd5 Nxd5 11. Qxd5 a6 12. h4 f6 13. g5 Bf7 14. Qd2 Be7 15.
gxf6 Nxf6 16. Nh3 d5 17. Ng5 dxe4 18. fxe4 Qxd2+ 19. Bxd2 Bg6 20. Bd3 h6 21.
Ne6 Kf7 22. Nc7 Ra7 23. Nd5 Nxd5 24. exd5 Bxd3 25. cxd3 Rd8 26. Rc1 Rxd5 27.
Ke2 Rad7 28. Rhf1+ Bf6 29. Rc6 Rxd3 30. Bxh6 R3d6 31. Rxd6 Rxd6 32. Bg5 Kg6 33.
Bxf6 gxf6 34. Ke3 Kh5 35. Rh1 f5 36. Rf1 Kg4 37. Rf2 Rd4 38. Ke2 f4 39. Rg2+
Kxh4 40. Kf3 Rd3+ 41. Ke2 f3+ 0-1

[Event "40. Turnaj sachovych nadeji - Pobeskydi Open"]
[Site "ND Frydek-Mistek, Czech Republic"]
[Date "2019.04.19"]
[Round "3"]
[White "Gnojek, Petr"]
[Black "Broz, Petr"]
[Result "1-0"]
[WhiteElo "2016"]
[BlackElo "1805"]
[PlyCount "0"]
[EventDate "2019.04.18"]

1. d4 Nf6 2. c4 g6 3. f3 Bg7 4. e4 d6 5. Nc3 O-O 6. Be3 Nc6 7. Qd2 a6 8. O-O-O
b5 9. cxb5 axb5 10. Bxb5 Na5 11. e5 Bf5 12. b4 c6 13. exf6 Bxf6 14. Bd3 Be6 15.
bxa5 Qxa5 16. Nb1 Qd5 17. Be4 Qb5 18. Ne2 Rfb8 19. Nec3 Qb4 20. g4 Ra3 21. h4
Bc4 22. Qc2 Bd5 23. Rd3 Bxe4 24. fxe4 c5 25. Nxa3 Qxa3+ 26. Kd1 Rb2 27. Bc1 1-0

[Event "40. Turnaj sachovych nadeji - Pobeskydi Open"]
[Site "ND Frydek-Mistek, Czech Republic"]
[Date "2019.04.19"]
[Round "3"]
[White "Barak, David"]
[Black "Nezval, Filip"]
[Result "1-0"]
[WhiteElo "1979"]
[BlackElo "1830"]
[PlyCount "0"]
[EventDate "2019.04.18"]

1. c4 c5 2. Nc3 Nf6 3. g3 Nc6 4. Bg2 e6 5. e3 Be7 6. Nge2 O-O 7. O-O a6 8. b3
d6 9. Bb2 Bd7 10. d4 cxd4 11. exd4 Rb8 12. d5 Ne5 13. Nf4 b5 14. c5 Ng6 15.
dxe6 Bxe6 16. Nxe6 fxe6 17. cxd6 Qxd6 18. Qe2 Rbe8 19. Ne4 Qb6 20. Rad1 Rd8 21.
Rxd8 Rxd8 22. Ng5 Bc5 23. Qxe6+ Qxe6 24. Nxe6 Rd2 25. Bxf6 Bb4 26. Ba1 Rxa2 27.
Nc7 Bc5 28. Bb7 Bxf2+ 29. Rxf2 Rxa1+ 30. Kg2 Rb1 31. Nxa6 Rxb3 32. Bd5+ 1-0

[Event "40. Turnaj sachovych nadeji - Pobeskydi Open"]
[Site "ND Frydek-Mistek, Czech Republic"]
[Date "2019.04.19"]
[Round "3"]
[White "Kostecka, Marika"]
[Black "Novacek, Pavel"]
[Result "0-1"]
[WhiteElo "1782"]
[BlackElo "1934"]
[PlyCount "0"]
[EventDate "2019.04.18"]

1. e4 Nc6 2. d4 d5 3. e5 Bf5 4. Bb5 e6 5. Nf3 Nge7 6. Bg5 Qd7 7. Nc3 a6 8. Bd3
Bxd3 9. Qxd3 Ng6 10. h4 h6 11. Be3 Nge7 12. g4 h5 13. g5 g6 14. a3 Nf5 15. Ne2
Na5 16. b3 b6 17. Bd2 Nb7 18. Ng3 Bg7 19. Nxf5 exf5 20. Bf4 O-O 21. O-O Nd8 22.
Ne1 Ne6 23. Ng2 c5 24. c3 Rfc8 25. Rac1 c4 26. Qc2 Bf8 27. b4 a5 28. Ra1 Qc6
29. Qb2 b5 30. Rfe1 Rc7 31. Ra2 Rca7 32. Rea1 Qa6 33. Qe2 Qb7 34. Be3 Ra6 35.
Nf4 R8a7 36. Bd2 axb4 37. cxb4 Nxd4 38. Qe3 Ne6 39. Bc3 Qa8 40. Nxe6 fxe6 41.
Bd4 Rc7 42. Qd2 c3 43. Bxc3 Rc4 44. Bd4 Qc8 45. Rb2 Qa8 46. Rba2 Qc6 47. Rb2
Ra8 48. Raa2 Qa6 49. Rc2 Rac8 50. Rc3 Qa4 51. Kg2 Rxc3 52. Bxc3 Rc4 53. Bd4 Qb3
54. Ra1 Rc2 55. Qe3 Qc4 56. Rd1 Kf7 57. Qd3 Ke8 58. Qxc4 Rxc4 59. Kf3 Kd7 60.
Ke3 Kc6 61. Rd3 Be7 62. Rc3 Bd8 63. Kd3 Bc7 64. Ke3 Bb6 65. Rxc4+ dxc4 66. Bxb6
Kxb6 67. Kd4 f4 68. f3 Kc7 69. a4 bxa4 70. Kxc4 Kb6 71. Kd4 Kb5 72. Kc3 a3 73.
Kb3 a2 74. Kxa2 Kxb4 75. Kb2 Kc4 76. Kc2 Kd4 77. Kd2 Kxe5 78. Kc3 Kd5 79. Kd3
e5 80. Ke2 Kd4 81. Kd2 e4 82. Ke2 exf3+ 83. Kxf3 Ke5 84. Kf2 Ke4 0-1

[Event "40. Turnaj sachovych nadeji - Pobeskydi Open"]
[Site "ND Frydek-Mistek, Czech Republic"]
[Date "2019.04.19"]
[Round "3"]
[White "Shilov, Sergej"]
[Black "Atmani, Amine"]
[Result "1-0"]
[WhiteElo "2158"]
[BlackElo "1785"]
[PlyCount "0"]
[EventDate "2019.04.18"]

1. e4 e6 2. d4 d5 3. Nc3 Nf6 4. Bg5 Be7 5. e5 Nfd7 6. h4 a6 7. Qg4 Kf8 8. f4 c5
9. Bxe7+ Qxe7 10. Nf3 Nc6 11. O-O-O cxd4 12. Nxd4 Qb4 13. a3 Qc5 14. Nce2 b5
15. Nxc6 Qxc6 16. Nd4 Qb6 17. Qg3 b4 18. axb4 Qxb4 19. Rh3 Bb7 20. f5 Nc5 21.
Qf4 Qb6 22. b4 exf5 23. bxc5 Qa5 24. Nb3 Qa2 25. e6 fxe6 26. Qd6+ Kf7 27. Qc7+
Kf6 28. Rg3 g6 29. Qxb7 Qa3+ 30. Kb1 Rhc8 31. Qxh7 Rg8 32. h5 a5 33. Rxg6+ Rxg6
34. Qxg6+ Ke7 35. Qg7+ 1-0